Hydrogenolýza polyalkoholov na glykoly katalyzovaná fosfidmi kovov diplomová práca
Uložené v:
| Hlavný autor: | |
|---|---|
| Médium: | Kniha |
| Jazyk: | Slovak |
| Vydavateľské údaje: |
Bratislava
STU FCHPT
2013
|
| On-line prístup: | View in OPAC |
| Tagy: |
Žiadne tagy, Buďte prvý, kto otaguje tento záznam!
|
MARC
| LEADER | 00000nam a2200000 a 4500 | ||
|---|---|---|---|
| 005 | 20260127134150.0 | ||
| 008 | 130819 2013 000 0 slo d | ||
| 035 | |a vtls010536239 | ||
| 039 | 9 | |y 201308190858 |z mschk03 | |
| 040 | |a STUSCHK1 |b slo |c STUSCHK1 |e AACR2 | ||
| 100 | 1 | |a Devečková, Eva | |
| 245 | 1 | |a Hydrogenolýza polyalkoholov na glykoly katalyzovaná fosfidmi kovov |b diplomová práca |c Eva Devečková | |
| 260 | |a Bratislava |b STU FCHPT |c 2013 | ||
| 300 | |a 63 s. |b il. |c 30 cm | ||
| 500 | |a Obhájené: 10.06.2013 | ||
| 500 | |a Štud. odbor: Chemické trechnológie | ||
| 500 | |a Škol. pracovisko: Oddelenie organickej technológie | ||
| 500 | |a Evid. číslo: FCHPT-5439-58108 | ||
| 910 | |a SCHK95 | ||
| 999 | |c 5607 |d 5607 | ||